000 00711nam a22002057a 4500
999 _c20391
_d20391
005 20190226163336.0
008 190226b xxu||||| |||| 00| 0 spa d
040 _aCO-BoIAVH
_cCO-BoIAVH
041 _aspa
044 _amx
090 _aFG-
_b0295
100 _aEduardo Mendoza
245 _aGuía de Mamíferos: Reserva de la biosfera, mariposa monarca
260 _aMexico:
_bComisión Nacional de Áreas Naturales Protegidas.(CONANP),
_c2016.
300 _aplegable
_c21 x 10cm
490 _aSerie de Guías de campo, reserva de la biosfera mariposa monarca, México natura,(IIES-MBF-UMSNH-CONABIO-CONANP.
650 0 _aMamíferos
650 0 _aBiodiversidad
942 _2z
_cFolleto